| 000 | 00444cam a22001217a 4500 | ||
|---|---|---|---|
| 008 | 180718b1957 xxu||||| |||| 00| 0 eng d | ||
| 082 | _aB835x73 N213 | ||
| 245 |
_aNational conference on metropolitan problems: Proceedings _cby Government Affairs Foundation |
||
| 260 |
_aNew York _bGovernment Affairs Foundation _c1957 |
||
| 300 | _a99p | ||
| 650 | _aCities and towns --United States --Congresses. | ||
| 700 | _aU.S.A. Government Affairs Foundation | ||
| 999 |
_c497413 _d497413 |
||